LEADER 04736nam 2200781 450 001 9910456300203321 005 20200520144314.0 010 $a1-4426-2818-9 010 $a1-281-99628-9 010 $a9786611996284 010 $a1-4426-8128-4 024 7 $a10.3138/9781442681286 035 $a(CKB)2430000000001823 035 $a(EBL)3258439 035 $a(SSID)ssj0001407286 035 $a(PQKBManifestationID)12580268 035 $a(PQKBTitleCode)TC0001407286 035 $a(PQKBWorkID)11402708 035 $a(PQKB)10460468 035 $a(SSID)ssj0000296492 035 $a(PQKBManifestationID)11246206 035 $a(PQKBTitleCode)TC0000296492 035 $a(PQKBWorkID)10321772 035 $a(PQKB)11446610 035 $a(MiAaPQ)EBC4670006 035 $a(MiAaPQ)EBC4672061 035 $a(CEL)417427 035 $a(OCoLC)903441029 035 $a(CaBNVSL)thg00915957 035 $a(DE-B1597)464966 035 $a(OCoLC)1013955131 035 $a(OCoLC)944177463 035 $a(DE-B1597)9781442681286 035 $a(MiAaPQ)EBC3258439 035 $a(Au-PeEL)EBL4672061 035 $a(CaPaEBR)ebr11257745 035 $a(OCoLC)958565455 035 $a(EXLCZ)992430000000001823 100 $a20160922h20042004 uy 0 101 0 $aeng 135 $aur|n|---||||| 181 $ctxt 182 $cc 183 $acr 200 04$aThe fiscal sustainability of health care in Canada /$fedited by Gregory P. Marchildon, Tom McIntosh and Pierre-Gerlier Forest 210 1$aToronto, [Ontario] ;$aBuffalo, [New York] ;$aLondon, [England] :$cUniversity of Toronto Press,$d2004. 210 4$d©2004 215 $a1 online resource (433 p.) 225 0 $aThe Romanow Papers ;$vVolume 1 311 $a0-8020-6820-0 311 $a0-8020-8617-9 320 $aIncludes bibliographical references at the end of each chapters. 327 $tFrontmatter -- $tContents -- $tAcknowledgments -- $tContributors -- $tIntroduction: The Many Worlds of Fiscal Sustainability / $rMarchildon, Gregory P. -- $tPart One: Cost Factors -- $t1. Technological Change as a Cost-Driver in Health Care / $rMorgan, Steve / Hurley, Jeremiah -- $t2. How an Ageing Population Will Affect Health Care / $rHogan, Seamus / Hogan, Sarah -- $t3. Medical Malpractice, the Common Law, and Health-Care Reform / $rCaulfield, Timothy -- $t4. Section 7 of the Charter and Health-Care Spending / $rJackman, Martha -- $tPart Two: The Financing and Delivery of Health Care -- $t5. Financing Health Care: Options, Consequences, and Objectives / $rEvans, Robert G. -- $t6. Determining the Extent of Public Financing of Programs and Services / $rRamsay, Cynthia -- $t7. Delivering Health Care: Public, Not-for-Profit, or Private? / $rDeber, Raisa B. -- $tPart Three: Federal-Provincial Fiscal Dynamics -- $t8. Increasing Provincial Revenues for Health Care / $rRode, Melissa / Rushton, Michael -- $t9. The Changing Political and Economic Environment of Health Care / $rBoychuk, Gerard W. -- $t10. Paying to Play? Government Financing and Health Care Agenda Setting / $rFierlbeck, Katherine -- $tPart Four: International Trade Regimes -- $t11. International Trade Agreements and Canadian Health Care / $rJohnson, Jon R. -- $t12. The Effects of International Trade Agreements and Options for Upcoming Negotiations / $rOuellet, Richard 330 $aThe Fiscal Sustainability of Health Care ? the first of a three-volume set of selected papers from the Romanow Commission ? comprises the most influential discussion papers on the fiscal sustainability of public health care in the future. The subjects covered include the current and potential cost drivers of the system, the financing and delivery of health care, fiscal federalism, and international trade regimes. While some of the contributors are among Canada's best known and respected figures in the field, others are relatively new scholars from Canada and abroad who bring fresh perspectives and new insights to the issue of fiscal sustainability.Presenting divergent diagnoses and policy prescriptions, the papers collectively highlight the many factors that governments and health care sector managers must confront to keep the Canadian health care system viable in the 21st century. 606 $aMedical care$zCanada 608 $aElectronic books. 615 0$aMedical care 676 $a362.10971 702 $aMarchildon$b Gregory P.$f1956- 702 $aMcIntosh$b Thomas A$g(Thomas Allan),$f1964- 702 $aForest$b Pierre-Gerlier 801 0$bMiAaPQ 801 1$bMiAaPQ 801 2$bMiAaPQ 906 $aBOOK 912 $a9910456300203321 996 $aThe fiscal sustainability of health care in Canada$92253426 997 $aUNINA LEADER 02349nas 2200709-a 450 001 9910770298803321 005 20250928110256.0 011 $a1488-2361 035 $a(DE-599)ZDB2068691-2 035 $a(OCoLC)1083189046 035 $a(CKB)954925547291 035 $a(CONSER)cn2004390037 035 $a(DE-599)2068691-2 035 $a(EXLCZ)99954925547291 100 $a20020213a19869999 --- a 101 0 $aeng 135 $aurcn||||||||| 181 $ctxt$2rdacontent 182 $cc$2rdamedia 183 $acr$2rdacarrier 200 00$aCanadian Association of Radiologists journal =$eJournal de l'Association canadienne des radiologistes 210 $a[Ottawa] $c[Canadian Medical Association] 210 31$a[Thousand Oaks, CA] :$cSage Publications 215 $a1 online resource 300 $aRefereed/Peer-reviewed 300 $aArchived by Library and Archives Canada. 311 08$a0846-5371 517 3 $aJournal de l'Association canadienne des radiologistes 531 $aCAN ASSOC RADIOL J J ASSOC CAN RADIOL 531 $aCANADIAN ASSOCIATION OF RADIOLOGISTS JOURNAL JOURNAL DE L ASSOCIATION CANAD 531 $aCAN ASSOC RADIOL J 531 $aCAN ASSOC R 531 $aCANADIAN ASSOCIATION OF RADIOLOGISTS JOURNAL JOURNAL DE L ASSOCIATION CANADIENN 531 $aCAN. ASSOC. RADIOL. J.-J. ASSOC. CAN. RADIOL 531 0 $aCan. Assoc. Radiol. j. 606 $aMedical radiology$vPeriodicals 606 $aRadiology 606 $aRadiology 606 $aRadiologie médicale$vPériodiques 606 $aRadiologie 606 $aradiology$2aat 606 $aRadiology$2fast$3(OCoLC)fst01088271 606 $aMedical radiology$2fast$3(OCoLC)fst01088281 608 $aPeriodicals.$2lcgft 608 $aPeriodicals.$2fast 615 0$aMedical radiology 615 0$aRadiology. 615 2$aRadiology. 615 6$aRadiologie médicale 615 6$aRadiologie. 615 7$aradiology. 615 7$aRadiology. 615 7$aMedical radiology. 676 $a616.07/57/05 686 $acci1icc$2lacc 686 $acoll11$2lacc 712 02$aCanadian Association of Radiologists, 712 02$aCanadian Medical Association, 906 $aJOURNAL 912 $a9910770298803321 996 $aCanadian Association of Radiologists journal$91900474 997 $aUNINA